000 00341nam a22001457a 4500
008 221010b ||||| |||| 00| 0 eng d
020 _a0471371084
041 _aeng
080 _a621
082 _a621 HEN
100 _a19.1
101 _aMEKA
245 _aEQUILIBRIUM STAGE SEPARATION CHEMICAL ENGIEERING
_cHENLEY E
942 _2udc
_cBK
999 _c58446
_d58446